000 01900cem a22004814i 4500
003 PE-LiUPU
005 20250731184609.0
008 150616s1987 inua rb 000 0 eng d
020 _a0931464293
035 _a(Sirsi) i9780931464294
040 _aPE-LiUPU
_bspa
_cPE-LiUPU
_erda
049 _aPRUA
082 0 4 _a956.914
_bP63
_221
100 1 _aPitard, Wayne Thomas,
_eautor.
245 1 0 _aAncient Damascus :
_ba historical study of the Syrian city-state from earliest times until its fall to the Assyrians in 732 B.C.E. /
_cby Wayne T. Pitard.
264 1 _aWinona Lake, Indiana :
_bEisenbrauns,
_c1987.
300 _a230 páginas :
_bilustraciones ;
_c24 centímetros
336 _atext
_2rdacontent
337 _aunmediated
_2rdamedia
338 _avolume
_2rdacarrier
504 _aBibliografía: páginas 193-218.
505 0 _aThe land of Apum in the middle bronze age -- The land of upi during the late bronze age -- Damascus and the monarchs of united Israel -- Aram-Damascus from rezon to the usurpation of Hazel -- Aram-Damascus from the rise of Hazel to the fall of the city in 732 B.C.E.
526 _aP136
526 _aP135
526 _aP134
526 _aP133
526 _aP144
526 _aP143
526 _aP87
526 _aP35
526 _aP20
526 _aP14
526 _aP10
526 _aP06
651 4 _aSiria
_zDamasco
_xHistoria
_yComienzos-732v
910 _ajck
_bjvq
_cjck
942 _2ddc
_cBOOK
949 _a956.914 P63
_wDEWEY
_c1
_i43147
_lCCODEBUL1
_mBUL
_r0
_sY
_tBOOK
_u2015-6-16
_xTEOLOGIA
_zUNKNOWN
_0COMPRA
_o.STAFF. Colección Teología
994 _aC0
_bPEPRU
596 _a1
999 _a956.914 P63
_wDEWEY
_c61105
_i43147
_f2021-11-11
_g5
_lCCODEBUL1
_mBUL
_p18.00
_r0
_sY
_tBOOK
_u2015-6-16
_xTEOLOGIA
_PP35
_0COMPRA
_o.STAFF. Colección Teología
_d61105
980 _81
_gALBERTO SANCHEZ Responsable de Automatización